|
|
|
|
| LEADER |
01795nam a2200301 u 4500 |
| 001 |
10116791 |
| 003 |
upatras |
| 005 |
20231228113414.0 |
| 008 |
150706s2002 gr gre |
| 040 |
|
|
|a GR-PaULI
|c GR-PaULI
|
| 041 |
0 |
|
|a gre
|
| 082 |
0 |
4 |
|a 332.106 8
|
| 100 |
1 |
|
|a Γεωργόπουλος, Αντώνιος Ν.,
|d 1958-
|4 aut
|9 86911
|
| 245 |
1 |
0 |
|a Χρηματοπιστωτικό σύστημα και διοίκηση τραπεζών
|c Γεωργόπουλος Αντώνης
|
| 260 |
|
|
|a Πάτρα
|b Πανεπιστήμιο Πατρών
|c 2002
|
| 300 |
|
|
|a 138 σ.
|c 29 εκ.
|
| 500 |
|
|
|a Παραδόσεις του μαθήματος
|
| 504 |
|
|
|a Περιλαμβάνει βιβλιογραφία
|
| 650 |
|
4 |
|a Τράπεζες και τραπεζικές εργασίες
|x Διοίκηση και οργάνωση
|9 59572
|
| 852 |
|
|
|a GR-PaULI
|b ΠΑΤΡΑ
|b ΒΚΠ
|b ΒΣ1
|k ΑΣΧΕ
|h 332.106 8 ΓΕΩ
|m 30312
|p 025000234656
|t 1
|
| 852 |
|
|
|a GR-PaULI
|b ΠΑΤΡΑ
|b ΒΚΠ
|b ΒΣ1
|k ΑΣΧΕ
|h 332.106 8 ΓΕΩ
|m 30313
|p 025000160773
|t 2
|
| 852 |
|
|
|a GR-PaULI
|b ΠΑΤΡΑ
|b ΒΚΠ
|b ΒΣ1
|k ΑΣΧΕ
|h 332.106 8 ΓΕΩ
|m 062307
|p 025000235296
|t 3
|
| 942 |
|
|
|2 ddc
|c BK15
|
| 952 |
|
|
|0 0
|1 0
|4 0
|6 332_106000000000000_8_ΓΕΩ
|7 0
|9 181086
|a LISP
|b LISP
|c BSC
|d 2016-04-24
|i 30312
|l 1
|o 332.106 8 ΓΕΩ
|p 025000234656
|r 2019-05-28 00:00:00
|s 2019-05-13
|t 1
|w 2016-04-24
|y BK15
|
| 952 |
|
|
|0 0
|1 0
|4 0
|6 332_106000000000000_8_ΓΕΩ
|7 0
|9 181087
|a LISP
|b LISP
|c BSC
|d 2016-04-24
|i 30313
|l 0
|o 332.106 8 ΓΕΩ
|p 025000160773
|r 2016-04-24 00:00:00
|t 2
|w 2016-04-24
|y BK15
|
| 952 |
|
|
|0 0
|1 0
|4 0
|6 332_106000000000000_8_ΓΕΩ
|7 0
|9 181088
|a LISP
|b LISP
|c BSC
|d 2016-04-24
|i 062307
|l 1
|o 332.106 8 ΓΕΩ
|p 025000235296
|r 2019-05-28 00:00:00
|s 2019-05-13
|t 3
|w 2016-04-24
|y BK15
|
| 998 |
|
|
|c ΒΑΣΙΛΕΙΟΥ
|d 2015-07
|
| 999 |
|
|
|c 111942
|d 111942
|